Jaro Ondo menej vážne

Bibliographic Details
Main Author: Ondo, Jaroslav, 1964- (Author)
Format: Software eBook
Language:Slovak
PhysicalDescription:1 CD-ROM farebný 12 cm
Published: Prešov Prešovská univerzita v Prešove 2018
ISBN:9788055521404
Edition:Vydanie: prvé
Subjects:
Online Access:http://www.pulib.sk/web/kniznica/elpub/dokument/Ondo1

MARC

LEADER 00000nam a2200000 4500
001 vtls012014528
003 SK-MaSNL
005 20260301080452.0
007 co cg muuua
008 210215s2018 xo | gq 000 0dslo
015 |a SNBS2021 
020 |a 9788055521404  |q (elektronická kniha) 
040 |a SNK  |b slo  |c SNK  |e rda 
041 0 |a slo 
044 |a xo  |c SK 
072 7 |a 72/76  |x Výtvarné umenie  |2 konspekt 
080 |a 72/76:159.931  |2 2011 
080 |a 7.07  |2 2011 
080 |a (048.8)  |2 2011 
080 |a (0.034.44)  |2 2011 
100 1 |a Ondo, Jaroslav,  |d 1964-  |4 aut  |9 132834 
245 1 0 |a Jaro Ondo  |b menej vážne  |c Jaro Ondo 
246 3 0 |a Menej vážne 
250 |a Vydanie: prvé 
264 1 |a Prešov  |b Prešovská univerzita v Prešove  |c 2018 
300 |a 1 CD-ROM  |b farebný  |c 12 cm 
336 |a text  |b txt  |2 rdacontent 
337 |a počítač  |b c  |2 rdamedia 
338 |a počítačový disk  |b cd  |2 rdacarrier 
347 |a textový súbor  |b PDF  |2 rda 
347 |a textový súbor  |b html  |2 rda 
500 |a Obsahuje biografické údaje 
600 1 7 |a Ondo, Jaroslav,  |d 1964-  |2 SNKMA  |9 132834 
650 0 7 |a slovenskí výtvarní umelci  |2 SNKPH  |9 83355 
650 0 7 |a vizuálne umenie  |2 SNKPH  |9 69925 
650 0 7 |a umelecká tvorba  |2 SNKPH  |9 2852 
650 0 7 |a Visual art  |2 SNKPHeng  |9 312006 
650 0 7 |a Artistic creation  |2 SNKPHeng  |9 294690 
655 7 |a CD-ROM  |2 SNKPH  |9 70236 
655 7 |a prehľady  |2 SNKPH  |9 70194 
655 7 |a Surveys  |2 SNKPHeng  |9 266058 
856 4 1 |u http://www.pulib.sk/web/kniznica/elpub/dokument/Ondo1 
919 |a 978-80-555-2140-4 
999 |c 653273  |d 655203 
952 |a SNK  |b SNK  |y PREZ  |7 0  |p 17A1449605  |o snkSCDM 11466  |i snk2021/716  |8 0  |0 0  |1 0  |4 0  |d 2021-02-15  |l 0  |r 2026-02-23 18:28:10  |w 2026-02-23